[Event "XXXIV C.to Italiano femminile"]
[Site "Fiuggi ITA"]
[Date "2007.07.18"]
[Round "1"]
[White "Tonel, Giulia"]
[Black "Arnetta, Marianna"]
[Result "0-1"]
[WhiteElo "1934"]
[BlackElo "2032"]
[PlyCount "108"]
[EventDate "2007.07.18"]

1. e4 e6 2. d4 d5 3. Nd2 Nf6 4. e5 Nfd7 5. Bd3 c5 6. c3 Nc6 7. Ne2 Qb6 8. Nf3
Be7 9. O-O O-O 10. Re1 Re8 11. Ng3 Nf8 12. Ng5 cxd4 13. Qh5 Bxg5 14. Bxg5 Ng6
15. Bf6 Qc5 16. Qg5 gxf6 17. exf6 e5 18. cxd4 Nxd4 19. Re3 Ne6 20. Qh5 Nef4 21.
Qg5 Qf8 22. Nf5 Bxf5 23. Bxf5 h6 24. Qg4 Qd6 25. g3 d4 26. Rf3 Ne2+ 27. Kf1
Qxf6 28. Kxe2 Qg5 29. Qe4 Re7 30. h4 Qf6 31. h5 Qa6+ 32. Rd3 Nh8 33. Kf1 Qc6
34. Qg4+ Kf8 35. Be4 Qe6 36. Bf5 Qc6 37. Kg1 Rd8 38. Rd2 Qf6 39. Rc2 Qg5 40.
Qf3 Qf6 41. Rd1 Qd6 42. Be4 Qb6 43. Rd3 Qe6 44. Bxb7 e4 45. Bxe4 Qxe4 46. Qf6
Qe5 47. Qxh6+ Kg8 48. Rc1 Re6 49. Qd2 Qxh5 50. Rxd4 Rde8 51. Rh4 Qf5 52. Qd4
Ng6 53. Rg4 Qf3 54. Rf1 Re1 0-1

[Event "XXXIV C.to Italiano femminile"]
[Site "Fiuggi ITA"]
[Date "2007.07.19"]
[Round "2"]
[White "Arnetta, Marianna"]
[Black "Brunello, Roberta"]
[Result "1-0"]
[WhiteElo "2032"]
[BlackElo "1953"]
[PlyCount "53"]
[EventDate "2007.07.18"]

1. e4 e5 2. Nf3 Nc6 3. Bc4 Bc5 4. O-O Nf6 5. d4 exd4 6. e5 d5 7. exf6 dxc4 8.
Re1+ Be6 9. Ng5 Qd6 10. fxg7 Rg8 11. Rxe6+ fxe6 12. Qh5+ Kd7 13. Ne4 Qe5 14.
Nxc5+ Kc8 15. Qxe5 Nxe5 16. Nxe6 d3 17. cxd3 Nxd3 18. Na3 Kd7 19. Nf8+ Ke7 20.
Bh6 Nxb2 21. f4 Kf7 22. g4 Rd8 23. f5 Rd4 24. h3 Rd3 25. Nxh7 Rxa3 26. Ng5+ Ke7
27. Re1+ 1-0

[Event "XXXIV C.to Italiano femminile"]
[Site "Fiuggi ITA"]
[Date "2007.07.19"]
[Round "2"]
[White "Di Cerbo, Giulia"]
[Black "Tonel, Giulia"]
[Result "0-1"]
[WhiteElo "1863"]
[BlackElo "1934"]
[PlyCount "58"]
[EventDate "2007.07.18"]

1. d4 Nf6 2. Nf3 e6 3. e3 b6 4. Bd3 Bb7 5. Nbd2 Be7 6. O-O O-O 7. c4 d5 8. b3
Nbd7 9. Bb2 Ne4 10. Qc2 f5 11. Ne5 Bb4 12. Nxd7 Qxd7 13. Nf3 Bd6 14. Ne5 Bxe5
15. dxe5 g5 16. Bxe4 dxe4 17. Rad1 Qe7 18. c5 Bd5 19. cxb6 axb6 20. Rxd5 exd5
21. Ba1 c5 22. Rd1 Rad8 23. Qc3 Qe6 24. Qc2 f4 25. exf4 gxf4 26. b4 Rd7 27.
bxc5 f3 28. gxf3 exf3 29. Qa4 Qh3 0-1

[Event "XXXIV C.to Italiano femminile"]
[Site "Fiuggi ITA"]
[Date "2007.07.19"]
[Round "2"]
[White "Panella, Fiammetta"]
[Black "De Rosa, Mariagrazia"]
[Result "1-0"]
[WhiteElo "1968"]
[BlackElo "2085"]
[PlyCount "63"]
[EventDate "2007.07.18"]

1. e4 c5 2. Nf3 d6 3. d4 cxd4 4. Nxd4 Nf6 5. Nc3 a6 6. f4 e6 7. Bd3 b5 8. a3
Bb7 9. Nf3 Nbd7 10. O-O Nc5 11. Qe2 d5 12. exd5 Nxd5 13. f5 Nxd3 14. cxd3 Qb6+
15. Kh1 Be7 16. Ne5 Bf6 17. Bd2 Rd8 18. Ng4 Bd4 19. Rae1 O-O 20. Nxd5 Rxd5 21.
f6 g6 22. Bh6 Re8 23. Bg7 Rh5 24. Nh6+ Rxh6 25. Bxh6 e5 26. Qg4 Re6 27. Bg7
Bxb2 28. Qh4 Bxa3 29. Qh6 e4 30. d4 e3 31. Rxe3 Rxe3 32. Qxe3 1-0

[Event "XXXIV C.to Italiano femminile"]
[Site "Fiuggi ITA"]
[Date "2007.07.19"]
[Round "2"]
[White "Ravazzolo, Gaia"]
[Black "Chierici, Marianna"]
[Result "1/2-1/2"]
[WhiteElo "1437"]
[BlackElo "2004"]
[PlyCount "43"]
[EventDate "2007.07.18"]

1. e4 d6 2. d4 Nf6 3. Nc3 e5 4. Nf3 Nbd7 5. h3 Be7 6. Bd3 c6 7. a4 b6 8. b3 O-O
9. O-O Bb7 10. Re1 Re8 11. Bb2 Qc7 12. Ne2 Rad8 13. Ng3 Bf8 14. Qd2 exd4 15.
Bxd4 Ne5 16. Qf4 g6 17. Bxe5 dxe5 18. Qxf6 Be7 19. Qxe5 Qxe5 20. Nxe5 Bf6 21.
Nf3 Bxa1 22. Rxa1 1/2-1/2

[Event "XXXIV C.to Italiano femminile"]
[Site "Fiuggi ITA"]
[Date "2007.07.20"]
[Round "3"]
[White "Brunello, Roberta"]
[Black "Ravazzolo, Gaia"]
[Result "1-0"]
[WhiteElo "1953"]
[BlackElo "1437"]
[PlyCount "37"]
[EventDate "2007.07.18"]

1. e4 e5 2. Nf3 Nf6 3. Nxe5 d6 4. Nf3 Nxe4 5. Nc3 Nxc3 6. dxc3 Bg4 7. Be3 Be7
8. Qd4 Bxf3 9. gxf3 Bf6 10. Qe4+ Be7 11. Qxb7 Nd7 12. O-O-O a5 13. Rg1 g6 14.
Bd4 Rg8 15. Bb5 Rc8 16. Qc6 Rb8 17. Rge1 g5 18. Bf6 Rb6 19. Bxe7 1-0

[Event "XXXIV C.to Italiano femminile"]
[Site "Fiuggi ITA"]
[Date "2007.07.20"]
[Round "3"]
[White "Chierici, Marianna"]
[Black "De Rosa, Mariagrazia"]
[Result "1-0"]
[WhiteElo "2004"]
[BlackElo "2085"]
[PlyCount "53"]
[EventDate "2007.07.18"]

1. e4 b6 2. d4 Bb7 3. Bd3 Nf6 4. Qe2 e6 5. Nf3 c5 6. c3 Be7 7. Nbd2 d5 8. e5
Nfd7 9. O-O cxd4 10. Nxd4 Nc6 11. N2f3 O-O 12. Bf4 a6 13. h4 Nc5 14. Bc2 Bxh4
15. g3 Be7 16. Kg2 Ne4 17. Rh1 g6 18. Qe3 Nxd4 19. cxd4 g5 20. Bxe4 dxe4 21.
Nxg5 Qd5 22. Nxh7 Rfd8 23. Rad1 Rac8 24. Bg5 f6 25. Bxf6 Kf7 26. Bxe7 Kxe7 27.
Qg5+ 1-0

[Event "XXXIV C.to Italiano femminile"]
[Site "Fiuggi ITA"]
[Date "2007.07.20"]
[Round "3"]
[White "Palmitessa, Irene"]
[Black "Brunello, Marina"]
[Result "1-0"]
[WhiteElo "1655"]
[BlackElo "1947"]
[PlyCount "143"]
[EventDate "2007.07.18"]

1. d4 d5 2. c4 e6 3. Nc3 Nf6 4. cxd5 exd5 5. Bg5 c6 6. e3 Bf5 7. Bd3 Bxd3 8.
Qxd3 Be7 9. Nf3 Nbd7 10. O-O O-O 11. Rab1 Ne4 12. Bxe7 Qxe7 13. b4 b5 14. Qc2
Nd6 15. a4 a6 16. a5 Nc4 17. Qd3 Nf6 18. Nd2 Rfe8 19. Rfe1 Rad8 20. Na2 Qd6 21.
h3 Ne4 22. Nb3 Re6 23. Nc5 Nxc5 24. dxc5 Qc7 25. Qc3 Rde8 26. Nc1 Ne5 27. Ne2
Nd7 28. Nd4 R6e7 29. Nf5 Re5 30. Nxg7 Kxg7 31. f4 Kg8 32. fxe5 Nxe5 33. Rf1 Ng6
34. Rf5 Re4 35. Rbf1 Ne5 36. R1f4 Rxf4 37. Rxf4 Qe7 38. Qd4 Qg5 39. Kh2 Qg7 40.
Rf5 Nc4 41. Qxg7+ Kxg7 42. Rf3 f6 43. Kg3 Nd2 44. Rf4 Kg6 45. Rg4+ Kf7 46. Kf4
Nc4 47. Rg3 Nd2 48. Kf5 Nf1 49. Rf3 Nd2 50. Rf4 Nc4 51. Rf3 Nd2 52. Rf2 Ne4 53.
Rf4 Nd2 54. Kg4 Kg6 55. Rd4 Nc4 56. Kf4 Na3 57. Rd2 Nc4 58. Rc2 Ne5 59. Rc3 Kf7
60. g4 Ng6+ 61. Kg3 Ke6 62. h4 h6 63. h5 Ne5 64. Kf4 Nc4 65. e4 Ne5 66. exd5+
Kxd5 67. Kf5 Kd4 68. Rc1 Kd3 69. Kxf6 Nxg4+ 70. Ke6 Kd4 71. Kd6 Ne5 72. Rd1+
1-0

[Event "XXXIV C.to Italiano femminile"]
[Site "Fiuggi ITA"]
[Date "2007.07.20"]
[Round "3"]
[White "Panella, Fiammetta"]
[Black "Arnetta, Marianna"]
[Result "1/2-1/2"]
[WhiteElo "1968"]
[BlackElo "2032"]
[PlyCount "89"]
[EventDate "2007.07.18"]

1. e4 e6 2. d3 d5 3. Nd2 c5 4. Ngf3 Nc6 5. g3 g6 6. Bg2 Bg7 7. O-O Nge7 8. Re1
b6 9. Qe2 O-O 10. e5 Ba6 11. h4 Rc8 12. Nf1 h6 13. N1h2 Nf5 14. c3 b5 15. Bf4
d4 16. a3 c4 17. Rad1 cxd3 18. Qxd3 dxc3 19. Qxc3 Qe7 20. Qb3 Na5 21. Qb4 Qc7
22. Rc1 Qb6 23. g4 Nc6 24. Rxc6 Rxc6 25. gxf5 Rc4 26. Qd2 Rd8 27. Qe3 Qxe3 28.
Bxe3 gxf5 29. Nf1 Bb7 30. N1d2 Rc2 31. Rb1 Ba8 32. Bf1 a6 33. Be2 Bxf3 34. Bxf3
Rdxd2 35. Bxd2 Rxd2 36. Bb7 a5 37. f4 Rd4 38. Rf1 Bf8 39. Kg2 Rd2+ 40. Rf2
Rxf2+ 41. Kxf2 Bc5+ 42. Ke2 Kf8 43. h5 Bd4 44. b4 axb4 45. axb4 1/2-1/2

[Event "XXXIV C.to Italiano femminile"]
[Site "Fiuggi ITA"]
[Date "2007.07.21"]
[Round "4"]
[White "Arnetta, Marianna"]
[Black "Chierici, Marianna"]
[Result "1/2-1/2"]
[WhiteElo "2032"]
[BlackElo "2004"]
[PlyCount "39"]
[EventDate "2007.07.18"]

1. e4 d6 2. Nc3 e5 3. Bc4 Nf6 4. d3 c6 5. f4 Nbd7 6. Nf3 Be7 7. Bb3 Qc7 8. fxe5
dxe5 9. a3 Nc5 10. Bd2 Ne6 11. Ne2 Bd7 12. Ng5 Nxg5 13. Bxg5 Ng4 14. Bxe7 Kxe7
15. Qd2 f6 16. h3 Nh6 17. Qb4+ Qd6 18. Qxd6+ Kxd6 19. O-O-O Be6 20. Bxe6
1/2-1/2

[Event "XXXIV C.to Italiano femminile"]
[Site "Fiuggi ITA"]
[Date "2007.07.21"]
[Round "4"]
[White "Brunello, Marina"]
[Black "Ravazzolo, Gaia"]
[Result "1-0"]
[WhiteElo "1947"]
[BlackElo "1437"]
[PlyCount "45"]
[EventDate "2007.07.18"]

1. e4 e5 2. Nf3 Nf6 3. Nxe5 d6 4. Nf3 Nxe4 5. Nc3 Nxc3 6. dxc3 Be7 7. Be3 a6 8.
Qd2 Nc6 9. O-O-O Be6 10. Kb1 h6 11. h3 Qd7 12. g3 O-O-O 13. Bg2 Kb8 14. Nd4 Ne5
15. Nxe6 Nc4 16. Qd5 Qb5 17. Qxb5 axb5 18. Nxd8 Rxd8 19. Bd4 g6 20. Rhe1 Bf8
21. Re2 c5 22. Bf6 Rc8 23. Rde1 1-0

[Event "XXXIV C.to Italiano femminile"]
[Site "Fiuggi ITA"]
[Date "2007.07.21"]
[Round "4"]
[White "De Rosa, Mariagrazia"]
[Black "Di Cerbo, Giulia"]
[Result "1-0"]
[WhiteElo "2085"]
[BlackElo "1863"]
[PlyCount "45"]
[EventDate "2007.07.18"]

1. e4 e6 2. d4 d5 3. e5 c5 4. c3 Nc6 5. Nf3 Qb6 6. a3 Nge7 7. b4 cxd4 8. cxd4
Nf5 9. Be3 Be7 10. Bd3 Bd7 11. Nc3 Nxe3 12. fxe3 Nxb4 13. axb4 Bxb4 14. O-O
Bxc3 15. Rc1 Rc8 16. Ng5 g6 17. Nxf7 O-O 18. Qf3 Bxd4 19. Qf6 Bxe3+ 20. Kh1 Bf4
21. Rxc8 Rxc8 22. Qh8+ Kxf7 23. Rxf4+ 1-0

[Event "XXXIV C.to Italiano femminile"]
[Site "Fiuggi ITA"]
[Date "2007.07.21"]
[Round "4"]
[White "Palmitessa, Irene"]
[Black "Panella, Fiammetta"]
[Result "0-1"]
[WhiteElo "1655"]
[BlackElo "1968"]
[PlyCount "74"]
[EventDate "2007.07.18"]

1. d4 d5 2. Nf3 Nf6 3. c4 c6 4. Bg5 Ne4 5. Bf4 Qa5+ 6. Nbd2 dxc4 7. Qc2 Bf5 8.
Qxc4 e6 9. a3 Be7 10. b4 Qb6 11. Nb3 O-O 12. e3 a5 13. b5 Nd7 14. Be2 a4 15.
Nbd2 Qa5 16. bxc6 bxc6 17. Qxc6 Ra7 18. Qc1 g5 19. Bg3 h5 20. h3 Nxg3 21. fxg3
Rc7 22. Qd1 Bc2 23. Qc1 Qc3 24. Kf2 g4 25. Ne1 Rb8 26. Nxc2 Qxc2 27. Qxc2 Rxc2
28. Rhd1 Rbb2 29. Ke1 Bd6 30. hxg4 Bxg3+ 31. Kf1 Rxd2 32. Rxd2 Rxd2 33. gxh5
Rb2 34. Rd1 Nb6 35. Rd3 Nc4 36. Bd1 Rf2+ 37. Kg1 Nb2 0-1

[Event "XXXIV C.to Italiano femminile"]
[Site "Fiuggi ITA"]
[Date "2007.07.21"]
[Round "4"]
[White "Tonel, Giulia"]
[Black "Brunello, Roberta"]
[Result "1-0"]
[WhiteElo "1934"]
[BlackElo "1953"]
[PlyCount "71"]
[EventDate "2007.07.18"]

1. e4 e5 2. Nf3 Nc6 3. Bc4 Bc5 4. c3 Nf6 5. d3 O-O 6. O-O d5 7. exd5 Nxd5 8. b4
Be7 9. b5 Na5 10. Nxe5 Bf6 11. Qf3 Nxc4 12. dxc4 Nb6 13. Ng4 Bxg4 14. Qxg4 Qd3
15. c5 Nd5 16. Rd1 Qc2 17. Bh6 Rad8 18. Nd2 Nxc3 19. Re1 Qg6 20. Qxg6 hxg6 21.
Bf4 Ne2+ 22. Rxe2 Bxa1 23. Bxc7 Rfe8 24. Kf1 Rxe2 25. Kxe2 Rd5 26. Nb3 Bf6 27.
Bb8 Be5 28. Bxa7 Bc7 29. a4 Rd8 30. b6 Bb8 31. Bxb8 Rxb8 32. a5 Kf8 33. c6 bxc6
34. Nc5 Ke8 35. b7 Kd8 36. a6 1-0

[Event "XXXIV C.to Italiano femminile"]
[Site "Fiuggi ITA"]
[Date "2007.07.22"]
[Round "5"]
[White "Chierici, Marianna"]
[Black "Brunello, Marina"]
[Result "1-0"]
[WhiteElo "2004"]
[BlackElo "1947"]
[PlyCount "101"]
[EventDate "2007.07.18"]

1. e4 e5 2. Nf3 Nc6 3. Bb5 a6 4. Ba4 d6 5. c3 Bd7 6. d4 g6 7. O-O Bg7 8. Re1
Nge7 9. d5 Nb8 10. Bxd7+ Nxd7 11. Be3 O-O 12. c4 h6 13. Nfd2 f5 14. f3 f4 15.
Bf2 g5 16. Nc3 Rf7 17. b4 Bf8 18. Nb3 Rg7 19. c5 Nf6 20. Na5 Rb8 21. Qe2 g4 22.
Kf1 gxf3 23. Qxf3 Qd7 24. Ke2 Ng4 25. Bg1 Qc8 26. h3 Nf6 27. Bf2 Qe8 28. Rg1
Nh7 29. Kd2 Ng5 30. Qe2 Ng6 31. c6 b5 32. a4 bxa4 33. Rxa4 f3 34. gxf3 Nf4 35.
Qe3 Qh5 36. Rg4 Qxh3 37. Rg3 Qh5 38. Ne2 Kh7 39. Ng1 Nfh3 40. Nxh3 Nxh3 41.
Rxg7+ Bxg7 42. Nc4 Rf8 43. Ke2 Nf4+ 44. Kd2 Ng6 45. Qe2 Qxf3 46. Qxf3 Rxf3 47.
Bb6 Rf7 48. Rxa6 h5 49. Bxc7 Rxc7 50. b5 h4 51. b6 1-0

[Event "XXXIV C.to Italiano femminile"]
[Site "Fiuggi ITA"]
[Date "2007.07.22"]
[Round "5"]
[White "De Rosa, Mariagrazia"]
[Black "Arnetta, Marianna"]
[Result "1-0"]
[WhiteElo "2085"]
[BlackElo "2032"]
[PlyCount "51"]
[EventDate "2007.07.18"]

1. e4 e6 2. d4 d5 3. e5 c5 4. c3 Nc6 5. Nf3 Bd7 6. a3 Qc7 7. Bd3 c4 8. Bc2 h6
9. O-O Nge7 10. Nbd2 Na5 11. Ne1 O-O-O 12. g3 Nf5 13. Ng2 g5 14. Ne3 Nxe3 15.
fxe3 f5 16. exf6 Bd6 17. Qe2 h5 18. e4 e5 19. exd5 exd4 20. cxd4 h4 21. g4 Kb8
22. f7 Bf4 23. Ne4 Bc8 24. Nxg5 Bd6 25. Ne6 Qe7 26. Bg5 1-0

[Event "XXXIV C.to Italiano femminile"]
[Site "Fiuggi ITA"]
[Date "2007.07.22"]
[Round "5"]
[White "Messina, Roberta"]
[Black "Di Cerbo, Giulia"]
[Result "1/2-1/2"]
[WhiteElo "1859"]
[BlackElo "1863"]
[PlyCount "85"]
[EventDate "2007.07.18"]

1. e4 e6 2. d4 d5 3. Nc3 Bb4 4. e5 c5 5. a3 Ba5 6. Qg4 Ne7 7. Bb5+ Bd7 8. Bxd7+
Nxd7 9. Nge2 cxd4 10. Nxd4 Bxc3+ 11. bxc3 Qc7 12. O-O Qxe5 13. Bd2 O-O 14. Rae1
Qc7 15. f4 Nf6 16. Qh3 Ne4 17. Re2 Nxd2 18. Rxd2 Qc5 19. a4 Nf5 20. Rff2 Nxd4
21. cxd4 Qb4 22. Qb3 Qxb3 23. cxb3 Rfc8 24. Rc2 Kf8 25. Kf1 Ke7 26. Rfd2 Kd7
27. Ke2 a6 28. Kd3 Kd6 29. Rf2 Rab8 30. Rfe2 Rc6 31. Rxc6+ bxc6 32. Kc3 c5 33.
dxc5+ Kxc5 34. Re5 a5 35. g3 Rb4 36. Re2 Re4 37. Rc2 h6 38. Kd3+ Kb4 39. Rc7
Kxb3 40. Rxf7 g5 41. f5 exf5 42. Rxf5 Re1 43. Rf6 1/2-1/2

[Event "XXXIV C.to Italiano femminile"]
[Site "Fiuggi ITA"]
[Date "2007.07.22"]
[Round "5"]
[White "Panella, Fiammetta"]
[Black "Tonel, Giulia"]
[Result "1-0"]
[WhiteElo "1968"]
[BlackElo "1934"]
[PlyCount "53"]
[EventDate "2007.07.18"]

1. e4 e5 2. Nf3 Nc6 3. Bb5 a6 4. Ba4 Nf6 5. O-O Be7 6. Qe2 b5 7. Bb3 d6 8. c3
O-O 9. d4 Bg4 10. Rd1 Qc8 11. a4 Qb7 12. h3 Bd7 13. Bg5 Rad8 14. axb5 axb5 15.
Nbd2 h6 16. Be3 Rfe8 17. d5 Nb8 18. Ra7 Qc8 19. Rda1 c5 20. Bc2 Bf8 21. Bd3 c4
22. Bc2 g6 23. Bb6 Bxh3 24. gxh3 Rd7 25. Kh2 Nh5 26. Rxd7 Nf4 27. Qf1 1-0

[Event "XXXIV C.to Italiano femminile"]
[Site "Fiuggi ITA"]
[Date "2007.07.22"]
[Round "5"]
[White "Ravazzolo, Gaia"]
[Black "Palmitessa, Irene"]
[Result "1/2-1/2"]
[WhiteElo "1437"]
[BlackElo "1655"]
[PlyCount "73"]
[EventDate "2007.07.18"]

1. e4 e5 2. Nf3 Nc6 3. Bb5 d6 4. d4 exd4 5. Nxd4 Bd7 6. O-O Nxd4 7. Bxd7+ Qxd7
8. Qxd4 Nf6 9. Nd2 Be7 10. Nf3 O-O 11. Re1 Rfe8 12. Bd2 a6 13. e5 dxe5 14. Qxd7
Nxd7 15. Nxe5 Nxe5 16. Rxe5 Bd6 17. Rxe8+ Rxe8 18. Re1 Kf8 19. Rxe8+ Kxe8 20.
g3 Ke7 21. f4 Ke6 22. Kf2 Kd5 23. Ke3 c5 24. Kf3 f5 25. h3 h5 26. Ke3 b5 27.
Bc3 g6 28. Kf3 c4 29. Bd2 Bc5 30. Be3 Bd4 31. c3 Bf6 32. a3 Be7 33. Bd2 a5 34.
h4 Bd6 35. Be1 Bc5 36. Bd2 Kc6 37. Be1 1/2-1/2

[Event "XXXIV C.to Italiano femminile"]
[Site "Fiuggi ITA"]
[Date "2007.07.23"]
[Round "6"]
[White "Arnetta, Marianna"]
[Black "Messina, Roberta"]
[Result "1/2-1/2"]
[WhiteElo "2032"]
[BlackElo "1859"]
[PlyCount "124"]
[EventDate "2007.07.18"]

1. e4 c5 2. Nc3 e6 3. f4 Nc6 4. Nf3 Nge7 5. Bb5 a6 6. Bxc6 Nxc6 7. d3 d5 8. O-O
Be7 9. e5 Qc7 10. Ne2 O-O 11. a3 f6 12. exf6 Bxf6 13. Kh1 Bd7 14. Rb1 b5 15.
Bd2 Rae8 16. c3 e5 17. fxe5 Nxe5 18. Bf4 Qc6 19. Nxe5 Bxe5 20. Bxe5 Rxf1+ 21.
Qxf1 Rxe5 22. Ng3 d4 23. Qf4 Qd5 24. Rf1 Re8 25. h3 Bxh3 26. Ne4 Be6 27. Qg3
Kh8 28. Qf4 dxc3 29. bxc3 h6 30. Rf3 Bg8 31. Nf6 Re1+ 32. Kh2 Qe5 33. Nxg8
Qxf4+ 34. Rxf4 Kxg8 35. Rf5 Re3 36. Rxc5 Rxd3 37. Rc6 Kf7 38. a4 bxa4 39. Rxa6
Rxc3 40. Rxa4 Kf6 41. Rb4 Re3 42. Rb8 Kg5 43. Rb5+ Kf6 44. Rb8 g5 45. Rf8+ Kg6
46. Ra8 h5 47. Ra6+ Kf5 48. Ra5+ Re5 49. Ra3 h4 50. Rf3+ Kg4 51. Ra3 Re4 52.
Rb3 Kf4 53. Rf3+ Ke5 54. Ra3 g4 55. Ra5+ Kf4 56. Ra8 Ke3 57. Rh8 Kf2 58. Rf8+
Ke1 59. Rh8 g3+ 60. Kh3 Kf2 61. Ra8 Ke1 62. Ra1+ Kf2 1/2-1/2

[Event "XXXIV C.to Italiano femminile"]
[Site "Fiuggi ITA"]
[Date "2007.07.23"]
[Round "6"]
[White "Brunello, Roberta"]
[Black "De Rosa, Mariagrazia"]
[Result "0-1"]
[WhiteElo "1953"]
[BlackElo "2085"]
[PlyCount "40"]
[EventDate "2007.07.18"]

1. e4 c5 2. Nf3 d6 3. d4 cxd4 4. Nxd4 Nf6 5. Nc3 a6 6. Be3 e6 7. f3 b5 8. Qd2
Bb7 9. O-O-O Nbd7 10. g4 h6 11. h4 b4 12. Na4 Qa5 13. b3 Rc8 14. Kb1 d5 15. e5
Nxe5 16. Nb2 Nxf3 17. Nxf3 Ne4 18. Qd3 Nc3+ 19. Kc1 Qxa2 20. Na4 Qb1+ 0-1

[Event "XXXIV C.to Italiano femminile"]
[Site "Fiuggi ITA"]
[Date "2007.07.23"]
[Round "6"]
[White "Chierici, Marianna"]
[Black "Panella, Fiammetta"]
[Result "1/2-1/2"]
[WhiteElo "2004"]
[BlackElo "1968"]
[PlyCount "52"]
[EventDate "2007.07.18"]

1. e4 d5 2. exd5 Qxd5 3. Nc3 Qa5 4. d4 Nf6 5. Nf3 Bf5 6. Bd2 c6 7. Bc4 e6 8.
Qe2 Bb4 9. O-O-O Nbd7 10. a3 b5 11. Bd3 Bxd3 12. Qxd3 Bxc3 13. Bxc3 Qc7 14. h3
a5 15. b3 O-O 16. Rhe1 Nd5 17. Bb2 a4 18. b4 N7b6 19. Re4 Nf4 20. Qf1 Rad8 21.
g3 Ng6 22. h4 Rd5 23. Qe2 Nc4 24. Rd3 Rfd8 25. Nd2 Nd6 26. Ree3 Nf5 1/2-1/2

[Event "XXXIV C.to Italiano femminile"]
[Site "Fiuggi ITA"]
[Date "2007.07.23"]
[Round "6"]
[White "Di Cerbo, Giulia"]
[Black "Ravazzolo, Gaia"]
[Result "1-0"]
[WhiteElo "1863"]
[BlackElo "1437"]
[PlyCount "45"]
[EventDate "2007.07.18"]

1. d4 c5 2. e3 cxd4 3. exd4 d5 4. c3 b6 5. Nf3 Nf6 6. Bd3 e6 7. Bg5 Be7 8. Nbd2
Nfd7 9. Bf4 Ba6 10. Bxa6 Nxa6 11. Qe2 Nc7 12. h4 Nf6 13. Ne5 Bd6 14. O-O-O Qe7
15. Bg3 Nd7 16. f4 f6 17. Nc6 Qf8 18. Rde1 g6 19. Rh3 Ba3 20. f5 gxf5 21. Bxc7
Rc8 22. Qxe6+ Be7 23. Nxe7 1-0

[Event "XXXIV C.to Italiano femminile"]
[Site "Fiuggi ITA"]
[Date "2007.07.23"]
[Round "6"]
[White "Palmitessa, Irene"]
[Black "Tonel, Giulia"]
[Result "1/2-1/2"]
[WhiteElo "1655"]
[BlackElo "1934"]
[PlyCount "86"]
[EventDate "2007.07.18"]

1. e4 e5 2. Nf3 Nc6 3. Bc4 Bc5 4. Nc3 Nf6 5. d3 d6 6. h3 Bb6 7. O-O O-O 8. Bg5
h6 9. Be3 Be6 10. Nd2 d5 11. exd5 Nxd5 12. Nxd5 Bxd5 13. Qg4 f5 14. Bxd5+ Qxd5
15. Qc4 Rad8 16. Rfe1 Rfe8 17. Re2 Kh7 18. Bxb6 axb6 19. Qxd5 Rxd5 20. Nb3 Kg6
21. Rae1 Kf6 22. f4 Re7 23. fxe5+ Rdxe5 24. Rxe5 Rxe5 25. Rxe5 Kxe5 26. c3 Nd8
27. Nd4 g5 28. Kf2 c5 29. Nf3+ Kd5 30. h4 Ne6 31. hxg5 hxg5 32. g3 b5 33. Ke3
f4+ 34. gxf4 gxf4+ 35. Ke2 Nc7 36. Ng5 Ke5 37. Nf7+ Kf6 38. Nd6 b6 39. Kf3 Ke5
40. Nf7+ Ke6 41. Ng5+ Kf5 42. Ne4 Ke5 43. a3 Nd5 1/2-1/2

[Event "XXXIV C.to Italiano femminile"]
[Site "Fiuggi ITA"]
[Date "2007.07.24"]
[Round "7"]
[White "Brunello, Marina"]
[Black "Di Cerbo, Giulia"]
[Result "1-0"]
[WhiteElo "1947"]
[BlackElo "1863"]
[PlyCount "81"]
[EventDate "2007.07.18"]

1. e4 e6 2. d4 d5 3. e5 c5 4. c3 Nc6 5. Nf3 Bd7 6. a3 Qb6 7. b4 cxb4 8. cxb4
Nge7 9. Nc3 Nf5 10. Na4 Qc7 11. Bb2 b6 12. Bd3 Be7 13. Bxf5 exf5 14. O-O Be6
15. Nc3 g5 16. Qd2 f4 17. Ne1 Qd7 18. Rc1 Rg8 19. Ne2 Rg6 20. Bc3 Bd8 21. b5
Ne7 22. a4 Nf5 23. Bb4 Nh4 24. Rc3 Bg4 25. f3 Be6 26. g3 Bh3 27. Rf2 Nf5 28.
Nc2 fxg3 29. hxg3 g4 30. f4 h5 31. Ne3 f6 32. Qd3 Nxe3 33. Qxe3 Kf7 34. e6+
Qxe6 35. Qxe6+ Kxe6 36. f5+ Kf7 37. fxg6+ Kxg6 38. Nf4+ Kg5 39. Nxh3+ gxh3 40.
Kh2 a5 41. Bd6 1-0

[Event "XXXIV C.to Italiano femminile"]
[Site "Fiuggi ITA"]
[Date "2007.07.24"]
[Round "7"]
[White "De Rosa, Mariagrazia"]
[Black "Palmitessa, Irene"]
[Result "1-0"]
[WhiteElo "2085"]
[BlackElo "1655"]
[PlyCount "45"]
[EventDate "2007.07.18"]

1. e4 e5 2. Nf3 Nc6 3. Bb5 a6 4. Ba4 Nf6 5. O-O b5 6. Bb3 Be7 7. Re1 O-O 8. h3
Bb7 9. c3 h6 10. d4 exd4 11. cxd4 Bb4 12. Bd2 Bxd2 13. Nbxd2 d6 14. e5 dxe5 15.
dxe5 Nd7 16. e6 fxe6 17. Rxe6 Kh8 18. Ne4 Re8 19. Nfg5 Nde5 20. Bd5 Rxe6 21.
Nxe6 Qc8 22. f4 Nd7 23. Qg4 1-0

[Event "XXXIV C.to Italiano femminile"]
[Site "Fiuggi ITA"]
[Date "2007.07.24"]
[Round "7"]
[White "Messina, Roberta"]
[Black "Ravazzolo, Gaia"]
[Result "1-0"]
[WhiteElo "1859"]
[BlackElo "1437"]
[PlyCount "81"]
[EventDate "2007.07.18"]

1. e4 e5 2. Nf3 Nf6 3. Nxe5 d6 4. Nf3 Nxe4 5. Nc3 Nxc3 6. dxc3 Nc6 7. Bf4 h6 8.
Qd2 Be6 9. Bb5 a6 10. Ba4 g5 11. Be3 Bg7 12. Bd4 b5 13. Bxg7 Rh7 14. Bxh6 Rxh6
15. Bb3 Bxb3 16. cxb3 Qe7+ 17. Kd1 O-O-O 18. Qxg5 Qxg5 19. Nxg5 Rg6 20. h4 Re8
21. g3 f6 22. Nf3 f5 23. Kd2 Rf8 24. Rhg1 Rh6 25. Rae1 Kd7 26. Re2 Ne7 27. Rge1
Ng6 28. Re6 Rfh8 29. Rf6 Ne7 30. Ree6 Rxf6 31. Rxf6 Ke8 32. Ng5 Kd7 33. Nh3 Ke8
34. Nf4 Kd7 35. Rf7 Rh6 36. Nd5 Re6 37. Rxe7+ Rxe7 38. Nxe7 Kxe7 39. Ke3 Kf6
40. Kf4 c5 41. h5 1-0

[Event "XXXIV C.to Italiano femminile"]
[Site "Fiuggi ITA"]
[Date "2007.07.24"]
[Round "7"]
[White "Panella, Fiammetta"]
[Black "Brunello, Roberta"]
[Result "0-1"]
[WhiteElo "1968"]
[BlackElo "1953"]
[PlyCount "84"]
[EventDate "2007.07.18"]

1. e4 e5 2. Nf3 Nc6 3. Bb5 a6 4. Ba4 d6 5. c3 Bd7 6. O-O g6 7. d4 Bg7 8. Be3
Nge7 9. d5 Nb8 10. Bxd7+ Nxd7 11. c4 O-O 12. Qd2 f5 13. exf5 gxf5 14. Bh6 Bxh6
15. Qxh6 Rf6 16. Qd2 h6 17. Nc3 Qe8 18. b4 Qh5 19. Ne2 f4 20. Nc3 Rg6 21. Kh1
Rxg2 22. Rg1 Rxg1+ 23. Rxg1+ Kh8 24. Qd3 Nf6 25. c5 Rg8 26. Rxg8+ Kxg8 27. Ne4
Nxe4 28. Qxe4 Qf5 29. Qxf5 Nxf5 30. Nd2 Ne7 31. cxd6 cxd6 32. Ne4 Nxd5 33. a3
Kg7 34. Nxd6 b6 35. Kg2 Kf6 36. Kf3 Ke6 37. Ne4 Nf6 38. Nc3 Kf5 39. Na4 e4+ 40.
Ke2 f3+ 41. Ke1 Nd5 42. Nb2 b5 0-1

[Event "XXXIV C.to Italiano femminile"]
[Site "Fiuggi ITA"]
[Date "2007.07.24"]
[Round "7"]
[White "Tonel, Giulia"]
[Black "Chierici, Marianna"]
[Result "1-0"]
[WhiteElo "1934"]
[BlackElo "2004"]
[PlyCount "59"]
[EventDate "2007.07.18"]

1. e4 e5 2. Nf3 d6 3. d4 exd4 4. Nxd4 Nf6 5. Nc3 Be7 6. Bc4 O-O 7. Be3 c6 8.
Qd3 Nbd7 9. f3 Ne5 10. Qe2 b5 11. Bb3 Qc7 12. O-O a5 13. a3 Ba6 14. Qf2 Rfe8
15. Nf5 b4 16. Ne2 Bf8 17. Rfd1 a4 18. Ba2 b3 19. cxb3 Rab8 20. b4 c5 21. Nf4
g6 22. Qh4 Qd8 23. Nxd6 Nfd7 24. Qh3 Bxd6 25. Rxd6 Bc8 26. Rad1 cxb4 27. Nxg6
Nxg6 28. Bxf7+ Kxf7 29. Qxh7+ Kf8 30. Bh6# 1-0